[Event "OP-2012-0-02184"]
[Site "LSS email"]
[Date "2012.05.06"]
[Round "?"]
[White "Ederer, Karel"]
[Black "Jacobi, Peter"]
[Result "1-0"]
[WhiteElo "2110"]
[BlackElo "920"]
[PlyCount "35"]
[EventDate "2012.05.02"]
[EventType "tourn (corr)"]
[EventRounds "4"]
[EventCountry "GER"]
[SourceTitle "Telechess CBM 153"]
[Source "ChessBase"]
[SourceDate "2013.03.14"]
[SourceVersion "1"]
[SourceVersionDate "2013.03.14"]
[SourceQuality "1"]

1. e4 e5 2. Nf3 Nc6 3. Bb5 a6 4. Ba4 b5 5. Bb3 Bc5 6. 0-0 Nf6 7. a4 bxa4 8. Bxa4 Bb7 9. Bxc6 Bxc6 10. Nxe5 Bxe4 11. d4 Bb6 12. Bg5 0-0 13. Nc3 d6 14. Nxe4 dxe5 15. Bxf6 gxf6 16. Qh5 Bxd4 17. Ra3 Re8 18. Qh6 1-0

[Event "LSS No Engine Cup 65 Preliminary 3"]
[Site "LSS email"]
[Date "2012.05.06"]
[Round "?"]
[White "Jacobi, Peter"]
[Black "Lewis, Jerome A"]
[Result "1-0"]
[WhiteElo "920"]
[BlackElo "1077"]
[PlyCount "55"]
[EventDate "2012.05.07"]
[EventType "tourn (corr)"]
[EventRounds "6"]
[EventCountry "GER"]
[SourceTitle "Telechess CBM 165"]
[Source "ChessBase"]
[SourceDate "2015.03.11"]
[SourceVersion "1"]
[SourceVersionDate "2015.03.11"]
[SourceQuality "1"]

1. d4 Nf6 2. Nf3 g6 3. e3 Bg7 4. Bd3 c5 5. c3 cxd4 6. exd4 d6 7. 0-0 0-0 8. Be3 Bg4 9. h3 Bd7 10. Nbd2 Bc6 11. b4 a6 12. a4 Nbd7 13. b5 axb5 14. axb5 Bxf3 15. Qxf3 Qc7 16. c4 e5 17. d5 Nc5 18. Bc2 e4 19. Bxe4 Nfxe4 20. Rac1 Rfe8 21. Rfe1 Ra2 22. Nxe4 Nxe4 23. Bb6 Qxb6 24. Rxe4 Rxe4 25. Qxe4 Qxf2+ 26. Kh2 Be5+ 27. Kh1 Re2 28. Qg4 1-0

[Event "LSS No Engine Cup 65 Preliminary 3"]
[Site "LSS email"]
[Date "2012.05.06"]
[Round "?"]
[White "Leonov, Aleksandr"]
[Black "Jacobi, Peter"]
[Result "1-0"]
[WhiteElo "1032"]
[BlackElo "920"]
[PlyCount "65"]
[EventDate "2012.05.07"]
[EventType "tourn (corr)"]
[EventRounds "6"]
[EventCountry "GER"]
[SourceTitle "Telechess CBM 165"]
[Source "ChessBase"]
[SourceDate "2015.03.11"]
[SourceVersion "1"]
[SourceVersionDate "2015.03.11"]
[SourceQuality "1"]

1. e4 e5 2. Nf3 Nc6 3. Bc4 Bc5 4. Nc3 Nf6 5. Ng5 0-0 6. Nd5 Nxd5 7. Qh5 Nf6 8. Qh4 d5 9. exd5 Ne7 10. d3 h6 11. Ne4 Nfxd5 12. Bxd5 Nxd5 13. Qxd8 Rxd8 14. Nxc5 b6 15. Ne4 f5 16. Ng3 f4 17. Ne4 g5 18. Bd2 Bf5 19. 0-0-0 c5 20. f3 Bxe4 21. dxe4 Nf6 22. g3 Rd7 23. Bc3 Re8 24. Rxd7 Nxd7 25. Rd1 Nf6 26. gxf4 gxf4 27. h4 Kf7 28. b4 c4 29. b5 Ke6 30. Bb4 a5 31. bxa6 Ra8 32. Rd6+ Kf7 33. Rxb6 1-0

[Event "LSS No Engine Cup 50 Preliminary 6"]
[Site "LSS email"]
[Date "2011.09.06"]
[Round "?"]
[White "Jacobi, Peter"]
[Black "Cedeno Ochoa, Rodrigo"]
[Result "1-0"]
[WhiteElo "909"]
[BlackElo "1250"]
[PlyCount "26"]
[EventDate "2011.09.07"]
[EventType "tourn (corr)"]
[EventRounds "6"]
[EventCountry "GER"]
[SourceTitle "Corr 2015"]
[Source "ChessBase"]
[SourceDate "2015.07.17"]
[SourceVersion "1"]
[SourceVersionDate "2015.07.17"]
[SourceQuality "1"]

1. d4 d5 2. Nf3 Nf6 3. e3 c5 4. dxc5 e6 5. b4 a5 6. c3 axb4 7. cxb4 b6 8. Bb5+ Bd7 9. Nc3 bxc5 10. bxc5 Bxb5 11. Nxb5 Qa5+ 12. Bd2 Qxb5 13. Qc2 Ne4 1-0

[Event "SN-2011-0-00377"]
[Site "LSS email"]
[Date "2011.08.28"]
[Round "?"]
[White "Goti, Javier"]
[Black "Jacobi, Peter"]
[Result "1-0"]
[WhiteElo "745"]
[BlackElo "919"]
[PlyCount "29"]
[EventDate "2011.08.17"]
[EventType "tourn (corr)"]
[EventRounds "6"]
[EventCountry "GER"]
[SourceTitle "Corr 2015"]
[Source "ChessBase"]
[SourceDate "2015.07.17"]
[SourceVersion "1"]
[SourceVersionDate "2015.07.17"]
[SourceQuality "1"]

1. e4 d6 2. Nf3 g6 3. d4 e6 4. Nc3 Bg7 5. Be3 Ne7 6. Qd2 b6 7. Be2 Bb7 8. Bh6 0-0 9. Bxg7 Kxg7 10. d5 exd5 11. Nxd5 c6 12. Qd4+ Kg8 13. Nf6+ Kg7 14. Ne8+ Kg8 15. Qg7# 1-0

[Event "LSS No Engine Cup 48 Preliminary 6"]
[Site "LSS email"]
[Date "2011.08.12"]
[Round "?"]
[White "Bossi, Noemi"]
[Black "Jacobi, Peter"]
[Result "1-0"]
[WhiteElo "1369"]
[BlackElo "922"]
[PlyCount "55"]
[EventDate "2011.08.13"]
[EventType "tourn (corr)"]
[EventRounds "6"]
[EventCountry "GER"]
[SourceTitle "Telechess CBM 157"]
[Source "ChessBase"]
[SourceDate "2013.11.12"]
[SourceVersion "1"]
[SourceVersionDate "2013.11.12"]
[SourceQuality "1"]

1. e4 d6 2. Nc3 g6 3. f4 e6 4. Nf3 Bg7 5. Be2 Ne7 6. 0-0 0-0 7. d3 b6 8. Qe1 Bb7 9. g4 Nd7 10. h4 f5 11. exf5 exf5 12. Ng5 Re8 13. Ne6 Qc8 14. Nxg7 Kxg7 15. h5 fxg4 16. Qh4 Nf6 17. hxg6 Nxg6 18. Qg3 h5 19. f5 Ne5 20. Qf4 Nf7 21. Qh2 Rh8 22. Qh4 c5 23. Bg5 Nd5 24. Nxd5 Bxd5 25. Bf6+ Kh7 26. Qxh5+ Kg8 27. Bxh8 Nxh8 28. f6 1-0

[Event "LSS No Engine Cup 48 Preliminary 6"]
[Site "LSS email"]
[Date "2011.08.12"]
[Round "?"]
[White "Kapatos, Endre"]
[Black "Jacobi, Peter"]
[Result "1-0"]
[WhiteElo "1143"]
[BlackElo "922"]
[PlyCount "49"]
[EventDate "2011.08.13"]
[EventType "tourn (corr)"]
[EventRounds "6"]
[EventCountry "GER"]
[SourceTitle "Telechess CBM 157"]
[Source "ChessBase"]
[SourceDate "2013.11.12"]
[SourceVersion "1"]
[SourceVersionDate "2013.11.12"]
[SourceQuality "1"]

1. e4 d6 2. d4 e6 3. Nc3 g6 4. Nf3 Bg7 5. Bd3 Ne7 6. Bg5 0-0 7. 0-0 b6 8. Qe2 Bb7 9. Rfe1 Nd7 10. Rad1 h6 11. Bh4 Bf6 12. Qe3 Bxh4 13. Nxh4 g5 14. Nf3 d5 15. h4 dxe4 16. Bxe4 Bxe4 17. Qxe4 Nf6 18. Qe5 Nd7 19. Qg3 Ng6 20. hxg5 h5 21. d5 e5 22. Ne4 f5 23. gxf6 Kh7 24. Nfg5+ Kh6 25. Ne6 1-0

[Event "LSS No Engine Cup 44 Preliminary 5"]
[Site "LSS email"]
[Date "2011.06.11"]
[Round "?"]
[White "Stadler, Pavel"]
[Black "Jacobi, Peter"]
[Result "1-0"]
[WhiteElo "1403"]
[BlackElo "930"]
[PlyCount "31"]
[EventDate "2011.06.12"]
[EventType "tourn (corr)"]
[EventRounds "6"]
[EventCountry "GER"]
[SourceTitle "Corr 2015"]
[Source "ChessBase"]
[SourceDate "2015.07.17"]
[SourceVersion "1"]
[SourceVersionDate "2015.07.17"]
[SourceQuality "1"]

1. e4 e5 2. Nf3 d6 3. d4 Nf6 4. dxe5 Nxe4 5. Qd5 Nc5 6. Bg5 Be7 7. exd6 cxd6 8. Nc3 Be6 9. Bb5+ Nbd7 10. Bxe7 Bxd5 11. Bxd8 Rxd8 12. Nxd5 0-0 13. Bxd7 Nxd7 14. 0-0-0 b5 15. Ne7+ Kh8 16. Rxd6 1-0

[Event "ZN-2011-0-01537"]
[Site "LSS email"]
[Date "2011.06.03"]
[Round "?"]
[White "Zimmermann, Jan Erik"]
[Black "Jacobi, Peter"]
[Result "1-0"]
[WhiteElo "901"]
[BlackElo "872"]
[PlyCount "83"]
[EventDate "2011.06.01"]
[EventType "match (corr)"]
[EventRounds "2"]
[EventCountry "GER"]
[SourceTitle "Telechess CBM 145"]
[Source "Chessbase"]
[SourceDate "2011.11.11"]
[SourceVersion "1"]
[SourceVersionDate "2011.11.11"]
[SourceQuality "1"]

1. d4 g6 2. e4 d6 3. Nf3 Bg7 4. Bc4 b6 5. c3 Nf6 6. Nbd2 0-0 7. 0-0 Bb7 8. Re1 e6 9. Be2 Nxe4 10. Nxe4 Bxe4 11. Ng5 d5 12. Nxe4 dxe4 13. Bc4 Nd7 14. Rxe4 Nf6 15. Bg5 h6 16. Bxf6 Bxf6 17. Qd2 Bg5 18. Qd3 c5 19. dxc5 bxc5 20. Re5 Qxd3 21. Bxd3 Rfd8 22. Ba6 Rd2 23. Rb1 Rad8 24. Rxc5 Rd1+ 25. Rxd1 Rxd1+ 26. Bf1 Be7 27. Ra5 Rd2 28. Rxa7 Bc5 29. Ra8+ Kg7 30. Bc4 Bxf2+ 31. Kf1 g5 32. Rb8 g4 33. Rb7 Kf6 34. a4 h5 35. a5 h4 36. Be2 g3 37. h3 Kg6 38. a6 f5 39. b4 f4 40. b5 Rxe2 41. Kxe2 e5 42. b6 1-0

[Event "SN-2011-0-00346"]
[Site "LSS email"]
[Date "2011.06.01"]
[Round "?"]
[White "Galvein, Prospero"]
[Black "Jacobi, Peter"]
[Result "1-0"]
[WhiteElo "454"]
[BlackElo "840"]
[PlyCount "63"]
[EventDate "2011.05.15"]
[EventType "tourn (corr)"]
[EventRounds "6"]
[EventCountry "GER"]
[SourceTitle "Telechess CBM 151"]
[Source "ChessBase"]
[SourceDate "2012.11.13"]
[SourceVersion "1"]
[SourceVersionDate "2012.11.13"]
[SourceQuality "1"]

1. e4 g6 2. Nf3 d6 3. Bb5+ Bd7 4. Nc3 Bg7 5. 0-0 Nf6 6. d3 0-0 7. a4 c5 8. Nd5 Nxd5 9. exd5 Bxb5 10. axb5 Nd7 11. c4 Nf6 12. Ng5 Qd7 13. f4 Qf5 14. Ra2 Ng4 15. Qe2 Bd4+ 16. Kh1 Rfe8 17. h3 Nf6 18. Be3 Nh5 19. Rf3 e6 20. g4 Nxf4 21. Bxf4 Qf6 22. b3 exd5 23. Qd2 h6 24. Bg3 Qxg5 25. Qg2 dxc4 26. bxc4 Be5 27. Re2 Bxg3 28. Rxe8+ Rxe8 29. Qxg3 d5 30. cxd5 Qxd5 31. Kg2 Re3 32. Qb8+ 1-0

[Event "ZN-2011-0-01529"]
[Site "LSS email"]
[Date "2011.05.29"]
[Round "?"]
[White "Montarolo, Luca"]
[Black "Jacobi, Peter"]
[Result "0-1"]
[WhiteElo "440"]
[BlackElo "930"]
[PlyCount "50"]
[EventDate "2011.05.26"]
[EventType "match (corr)"]
[EventRounds "2"]
[EventCountry "GER"]
[SourceTitle "Telechess CBM 149"]
[Source "ChessBase"]
[SourceDate "2012.07.17"]
[SourceVersion "1"]
[SourceVersionDate "2012.07.17"]
[SourceQuality "1"]

1. e4 d6 2. Nf3 Nf6 3. e5 dxe5 4. Nxe5 Nbd7 5. Bb5 c6 6. Bc4 Nxe5 7. Be2 Bf5 8. 0-0 e6 9. d3 Bd6 10. Bg5 0-0 11. Nd2 h6 12. Bxf6 Qxf6 13. a4 a5 14. b3 Bb4 15. d4 Nd7 16. Nf3 Rad8 17. Bc4 Nb6 18. Qe2 Rfe8 19. Rae1 Bxe1 20. Rxe1 Nxc4 21. bxc4 e5 22. dxe5 Qe7 23. h3 f6 24. e6 Bxe6 25. Nh4 Qb4 0-1

[Event "ZN-2011-0-01359"]
[Site "LSS email"]
[Date "2011.02.27"]
[Round "?"]
[White "Ezhov, Sergey"]
[Black "Jacobi, Peter"]
[Result "0-1"]
[WhiteElo "486"]
[BlackElo "872"]
[PlyCount "60"]
[EventDate "2011.02.23"]
[EventType "match (corr)"]
[EventRounds "2"]
[EventCountry "GER"]
[SourceTitle "Telechess CBM 147"]
[Source "ChessBase"]
[SourceDate "2012.03.16"]
[SourceVersion "1"]
[SourceVersionDate "2012.03.16"]
[SourceQuality "1"]

1. e4 g6 2. d4 Bg7 3. Nc3 d6 4. Nf3 Nf6 5. Be2 0-0 6. 0-0 b6 7. Bc4 Ba6 8. Bxa6 Nxa6 9. Re1 c5 10. dxc5 Nxc5 11. h3 Nfd7 12. Be3 Bxc3 13. bxc3 Nxe4 14. Bd2 Ndc5 15. Nd4 e5 16. Nf3 Re8 17. g3 b5 18. Rb1 Nxd2 19. Qxd2 a6 20. Qd5 Qf6 21. Rbd1 Rac8 22. Nd2 Qf5 23. Nf3 Qxh3 24. Qd2 Na4 25. Rb1 Rxc3 26. Rb4 Rxf3 27. Re3 Rxe3 28. fxe3 Qxg3+ 29. Kf1 Re6 30. Qf2 Rf6 0-1

[Event "LSS No Engine Cup 33 Preliminary 6"]
[Site "LSS email"]
[Date "2010.12.27"]
[Round "?"]
[White "Jacobi, Peter"]
[Black "Molina, Vicente Andres"]
[Result "1-0"]
[WhiteElo "930"]
[BlackElo "792"]
[PlyCount "95"]
[EventDate "2010.12.28"]
[EventType "tourn (corr)"]
[EventRounds "6"]
[EventCountry "GER"]
[SourceTitle "Telechess CBM 147"]
[Source "ChessBase"]
[SourceDate "2012.03.16"]
[SourceVersion "1"]
[SourceVersionDate "2012.03.16"]
[SourceQuality "1"]

1. d4 e6 2. Nf3 d5 3. e3 Nf6 4. c3 c5 5. Bd3 Nc6 6. 0-0 Be7 7. Nbd2 0-0 8. dxc5 e5 9. e4 dxe4 10. Nxe4 Bg4 11. Nxf6+ Bxf6 12. h3 Be6 13. Be3 Qe7 14. Qc2 Rad8 15. Bxh7+ Kh8 16. Be4 Rd7 17. Bxc6 bxc6 18. a4 g6 19. Rad1 Rfd8 20. Rxd7 Qxd7 21. b4 Bc4 22. Re1 Bd3 23. Qd2 e4 24. Ng5 Qe7 25. Qa2 Bxg5 26. Bxg5 Qxg5 27. Qxf7 Rd5 28. Qe8+ Kh7 29. Qxc6 Rf5 30. Qd7+ Kh6 31. c6 Rd5 32. Qxa7 e3 33. Rxe3 Bf5 34. g4 Bxg4 35. hxg4 Qxg4+ 36. Rg3 Rd1+ 37. Kg2 Qe4+ 38. f3 Rd2+ 39. Kh3 Qe6+ 40. Rg4 Qd6 41. Rh4+ Kg5 42. Qe3+ Kf6 43. Qf4+ Qxf4 44. Rxf4+ Ke6 45. c7 Kd7 46. Rc4 Kc8 47. b5 Rd5 48. b6 1-0

[Event "LSS No Engine Cup 33 Preliminary 6"]
[Site "LSS email"]
[Date "2010.12.27"]
[Round "?"]
[White "Stadler, Pavel"]
[Black "Jacobi, Peter"]
[Result "1-0"]
[WhiteElo "1499"]
[BlackElo "930"]
[PlyCount "67"]
[EventDate "2010.12.28"]
[EventType "tourn (corr)"]
[EventRounds "6"]
[EventCountry "GER"]
[SourceTitle "Telechess CBM 147"]
[Source "ChessBase"]
[SourceDate "2012.03.16"]
[SourceVersion "1"]
[SourceVersionDate "2012.03.16"]
[SourceQuality "1"]

1. e4 g6 2. d4 d6 3. Bc4 Bg7 4. Nc3 Nf6 5. f3 0-0 6. Nge2 e5 7. Be3 Nc6 8. dxe5 Nxe5 9. Bb3 c6 10. 0-0 b5 11. a3 a5 12. Qd2 Ba6 13. Rfd1 Qe7 14. Nf4 b4 15. axb4 axb4 16. Na4 Nc4 17. Bxc4 Bxc4 18. Qxb4 Nd5 19. Nxd5 cxd5 20. Nb6 Rab8 21. Ra3 Qc7 22. exd5 Rfe8 23. Qxc4 Qb7 24. Bf2 Bxb2 25. Rb3 Qe7 26. Rxb2 Kf8 27. Rbb1 Kg8 28. Re1 Qf6 29. Rxe8+ Rxe8 30. Bd4 Qf5 31. Qd3 Qg5 32. Nd7 Ra8 33. Nf6+ Kf8 34. Nxh7+ 1-0

[Event "LSS No Engine Cup 32 Preliminary 2"]
[Site "LSS email"]
[Date "2010.12.07"]
[Round "?"]
[White "Jacobi, Peter"]
[Black "Ausan, Leo Tito Jr"]
[Result "0-1"]
[WhiteElo "930"]
[BlackElo "1074"]
[PlyCount "68"]
[EventDate "2010.12.08"]
[EventType "tourn (corr)"]
[EventRounds "6"]
[EventCountry "GER"]
[SourceTitle "Telechess CBM 147"]
[Source "ChessBase"]
[SourceDate "2012.03.16"]
[SourceVersion "1"]
[SourceVersionDate "2012.03.16"]
[SourceQuality "1"]

1. d4 d5 2. Bg5 h6 3. Bh4 Nf6 4. Nc3 e6 5. Nf3 Be7 6. e3 Nbd7 7. Bd3 0-0 8. 0-0 c5 9. Re1 c4 10. Be2 a6 11. b3 b5 12. a4 b4 13. Nb1 c3 14. Ne5 Nxe5 15. dxe5 Nh7 16. Bxe7 Qxe7 17. a5 f6 18. Qd4 fxe5 19. Qxe5 Rf5 20. Qg3 Ng5 21. Nxc3 bxc3 22. Bd3 Rf6 23. Qe5 Bb7 24. Qxc3 e5 25. f4 e4 26. fxg5 hxg5 27. Be2 Rc8 28. Qb2 Qc5 29. c4 Qxe3+ 30. Kh1 Rcf8 31. b4 d4 32. Qc1 Qf2 33. Qxg5 d3 34. Bxd3 exd3 0-1

[Event "LSS No Engine Cup 32 Preliminary 2"]
[Site "LSS email"]
[Date "2010.12.07"]
[Round "?"]
[White "Nucci, Luciano"]
[Black "Jacobi, Peter"]
[Result "1-0"]
[WhiteElo "2021"]
[BlackElo "930"]
[PlyCount "57"]
[EventDate "2010.12.08"]
[EventType "tourn (corr)"]
[EventRounds "6"]
[EventCountry "GER"]
[SourceTitle "Telechess CBM 147"]
[Source "ChessBase"]
[SourceDate "2012.03.16"]
[SourceVersion "1"]
[SourceVersionDate "2012.03.16"]
[SourceQuality "1"]

1. d4 d6 2. Nf3 c5 3. c4 Nd7 4. e3 Ngf6 5. Nc3 g6 6. Be2 Bg7 7. 0-0 0-0 8. b3 e5 9. dxe5 dxe5 10. e4 b6 11. Qc2 Qe7 12. Bb2 Bb7 13. Rad1 Rad8 14. Nd5 Qe6 15. Rfe1 Qd6 16. Bf1 Rfe8 17. Bc3 Qc6 18. a4 a6 19. Qc1 a5 20. g3 Kf8 21. Bh3 Bc8 22. Qb2 Qb7 23. Nxe5 Nxe5 24. Bxe5 Bxh3 25. Bxf6 Bxf6 26. Nxf6 Rxd1 27. Nxh7+ Ke7 28. Rxd1 Qxe4 29. Qf6# 1-0

[Event "ZN-2010-0-01227"]
[Site "LSS email"]
[Date "2010.12.02"]
[Round "?"]
[White "Jacobi, Peter"]
[Black "Chandler, Mark"]
[Result "1-0"]
[WhiteElo "968"]
[BlackElo "839"]
[PlyCount "67"]
[EventDate "2010.11.26"]
[EventType "match (corr)"]
[EventRounds "2"]
[EventCountry "GER"]
[SourceTitle "Telechess CBM 147"]
[Source "ChessBase"]
[SourceDate "2012.03.16"]
[SourceVersion "1"]
[SourceVersionDate "2012.03.16"]
[SourceQuality "1"]

1. d4 Nf6 2. Nf3 d5 3. e3 g6 4. c3 Nbd7 5. Bd3 c5 6. 0-0 Bg7 7. Nbd2 0-0 8. e4 c4 9. Bc2 Nb6 10. e5 Nfd7 11. b3 a5 12. bxc4 Nxc4 13. Nxc4 dxc4 14. Re1 Nb6 15. Rb1 Nd5 16. Bd2 Rb8 17. Qe2 b5 18. a4 Ba6 19. axb5 Bxb5 20. Ra1 Ra8 21. Reb1 Nc7 22. Ba4 Ba6 23. Qe4 Nd5 24. Bc6 f5 25. Qxd5+ Kh8 26. Qxd8 Raxd8 27. Rxa5 Bc8 28. Bc1 h6 29. Ba3 Rf7 30. Rb8 Kh7 31. e6 Rf6 32. Bxe7 Rxd4 33. Nxd4 Bxe6 34. Bxf6 1-0

[Event "LSS No Engine Cup 31 Preliminary 5"]
[Site "LSS email"]
[Date "2010.11.22"]
[Round "?"]
[White "Jacobi, Peter"]
[Black "Snitselaar, Jerry J"]
[Result "0-1"]
[WhiteElo "948"]
[BlackElo "1353"]
[PlyCount "48"]
[EventDate "2010.11.23"]
[EventType "tourn (corr)"]
[EventRounds "6"]
[EventCountry "GER"]
[SourceTitle "Telechess CBM 145"]
[Source "Chessbase"]
[SourceDate "2011.11.11"]
[SourceVersion "1"]
[SourceVersionDate "2011.11.11"]
[SourceQuality "1"]

1. e4 c6 2. d4 d5 3. Nc3 dxe4 4. Nxe4 Bf5 5. Bd3 Qxd4 6. Nf3 Qd8 7. 0-0 Bxe4 8. Bxe4 Qxd1 9. Rxd1 Nf6 10. Bf5 e6 11. Bh3 Bc5 12. Ne5 Nbd7 13. Nd3 0-0-0 14. Bf4 Bb6 15. b4 Ne4 16. Re1 Ndf6 17. Ne5 Bxf2+ 18. Kf1 Bxe1 19. Kxe1 g5 20. Be3 Nd5 21. Bxg5 Nxg5 22. Nxf7 Nxf7 23. Bxe6+ Kc7 24. Bxf7 Nxb4 0-1

[Event "LSS No Engine Cup 30 Preliminary 1"]
[Site "LSS email"]
[Date "2010.11.02"]
[Round "?"]
[White "Jacobi, Peter"]
[Black "McKenzie, Duncan"]
[Result "0-1"]
[WhiteElo "993"]
[BlackElo "1811"]
[PlyCount "68"]
[EventDate "2010.11.03"]
[EventType "tourn (corr)"]
[EventRounds "6"]
[EventCountry "GER"]
[SourceTitle "Telechess CBM 143"]
[Source "ChessBase"]
[SourceDate "2011.07.15"]
[SourceVersion "1"]
[SourceVersionDate "2011.07.15"]
[SourceQuality "1"]

1. d4 Nf6 2. Nf3 e6 3. Bg5 h6 4. Bh4 d6 5. e4 g5 6. Bg3 Nxe4 7. Bd3 Nxg3 8. hxg3 Nd7 9. Nc3 Bg7 10. 0-0 0-0 11. Qe2 c5 12. d5 Nf6 13. dxe6 Bxe6 14. a4 d5 15. Qe1 c4 16. Be2 Ne4 17. Rd1 Nxc3 18. bxc3 Qa5 19. Nd4 Rae8 20. Qd2 Bd7 21. Bf3 g4 22. Be2 Bxd4 23. cxd4 Qxd2 24. Rxd2 c3 25. Rd3 Rxe2 26. Rxc3 Bxa4 27. Rc1 h5 28. Rc7 Bc6 29. c4 dxc4 30. Rxc4 Re1+ 31. Kh2 Rf1 32. Rc5 Re8 33. Rg5+ Kf8 34. d5 Ree1 0-1

[Event "LSS No Engine Cup 30 Preliminary 1"]
[Site "LSS email"]
[Date "2010.11.02"]
[Round "?"]
[White "Snitselaar, Jerry J"]
[Black "Jacobi, Peter"]
[Result "1-0"]
[WhiteElo "1353"]
[BlackElo "948"]
[PlyCount "35"]
[EventDate "2010.11.03"]
[EventType "tourn (corr)"]
[EventRounds "6"]
[EventCountry "GER"]
[SourceTitle "Telechess CBM 145"]
[Source "Chessbase"]
[SourceDate "2011.11.11"]
[SourceVersion "1"]
[SourceVersionDate "2011.11.11"]
[SourceQuality "1"]

1. e4 e5 2. Nf3 Nc6 3. d4 exd4 4. Nxd4 Bc5 5. Nxc6 bxc6 6. Bd3 Nf6 7. 0-0 0-0 8. Bg5 Re8 9. Qf3 h6 10. Be3 Bb6 11. Nd2 d5 12. Rae1 Be6 13. e5 Nd7 14. Qg3 d4 15. Bxh6 g6 16. Bxg6 Nf8 17. Bxf7+ Kxf7 18. Qg7# 1-0

[Event "SN-2010-0-00283"]
[Site "LSS email"]
[Date "2010.10.25"]
[Round "?"]
[White "Oberlaender, Rolf"]
[Black "Jacobi, Peter"]
[Result "0-1"]
[WhiteElo "660"]
[BlackElo "963"]
[PlyCount "51"]
[EventDate "2010.10.11"]
[EventType "tourn (corr)"]
[EventRounds "6"]
[EventCountry "GER"]
[SourceTitle "Telechess CBM 143"]
[Source "ChessBase"]
[SourceDate "2011.07.15"]
[SourceVersion "1"]
[SourceVersionDate "2011.07.15"]
[SourceQuality "1"]

1. e4 e5 2. Nf3 d6 3. Bc4 Nc6 4. c3 Be7 5. 0-0 Nf6 6. d4 exd4 7. Qe2 Bg4 8. Qd3 dxc3 9. Nxc3 0-0 10. Ng5 Ne5 11. Qd4 c5 12. Qd2 Nxc4 13. Qf4 h6 14. Nf3 Bxf3 15. gxf3 Qa5 16. Nd5 Nxd5 17. exd5 b5 18. b3 Bf6 19. Rb1 Qxa2 20. Be3 Bg5 21. Qe4 Rfe8 22. Qd3 Nxe3 23. Rfe1 c4 24. bxc4 bxc4 25. Qd4 Nc2 26. Rxe8+ 0-1

[Event "LSS SF-2010-0-00072"]
[Site "LSS email"]
[Date "2010.10.01"]
[Round "?"]
[White "Jacobi, Peter"]
[Black "Billion, Paul"]
[Result "1-0"]
[WhiteElo "982"]
[BlackElo "935"]
[PlyCount "61"]
[EventDate "2010.08.19"]
[EventType "tourn (corr)"]
[EventRounds "6"]
[EventCountry "GER"]
[SourceTitle "Telechess CBM 143"]
[Source "ChessBase"]
[SourceDate "2011.07.15"]
[SourceVersion "1"]
[SourceVersionDate "2011.07.15"]
[SourceQuality "1"]

1. d4 d5 2. Bg5 Nc6 3. Nf3 h6 4. Bh4 b6 5. Nc3 Bb7 6. e3 Nf6 7. Bb5 e6 8. Ne5 Bd6 9. Nxc6 Bxc6 10. Bxc6+ Kf8 11. Bxa8 Qxa8 12. Bxf6 gxf6 13. Qd3 c6 14. 0-0-0 a6 15. e4 Rg8 16. exd5 cxd5 17. g3 b5 18. Qh7 Ke7 19. Qxh6 Qc6 20. Rhe1 b4 21. Ne2 Rc8 22. Rd2 a5 23. f4 a4 24. h4 Qc4 25. Kb1 b3 26. cxb3 axb3 27. axb3 Qxb3 28. f5 e5 29. dxe5 Bxe5 30. Nf4 Ra8 31. Nxd5+ 1-0

[Event "LSS SF-2010-0-00072"]
[Site "LSS email"]
[Date "2010.09.30"]
[Round "?"]
[White "Fuller, Christopher"]
[Black "Jacobi, Peter"]
[Result "0-1"]
[WhiteElo "867"]
[BlackElo "1005"]
[PlyCount "52"]
[EventDate "2010.08.19"]
[EventType "tourn (corr)"]
[EventRounds "6"]
[EventCountry "GER"]
[SourceTitle "Telechess CBM 143"]
[Source "ChessBase"]
[SourceDate "2011.07.15"]
[SourceVersion "1"]
[SourceVersionDate "2011.07.15"]
[SourceQuality "1"]

1. d4 g6 2. Bd2 Bg7 3. c3 Nf6 4. Nf3 d5 5. e3 Ne4 6. Bd3 Bf5 7. 0-0 0-0 8. Ne1 e5 9. dxe5 Bxe5 10. Nf3 Nc6 11. Qc2 Qf6 12. Nxe5 Nxe5 13. Be2 Rad8 14. Bf3 Nxf3+ 15. Kh1 Qh4 16. gxf3 Nxf2+ 17. Kg1 Nh3+ 18. Kh1 Bxc2 19. Be1 Qg5 20. Bg3 Qxe3 21. Bxc7 Bd3 22. Na3 Bxf1 23. Rxf1 Qe2 24. Rg1 Qxf3+ 25. Rg2 Qf1+ 26. Rg1 Qxg1# 0-1

[Event "LSS SF-2010-0-00072"]
[Site "LSS email"]
[Date "2010.09.30"]
[Round "?"]
[White "Jacobi, Peter"]
[Black "Bester, Kazimierz"]
[Result "1-0"]
[WhiteElo "997"]
[BlackElo "686"]
[PlyCount "61"]
[EventDate "2010.08.19"]
[EventType "tourn (corr)"]
[EventRounds "6"]
[EventCountry "GER"]
[SourceTitle "Telechess CBM 143"]
[Source "ChessBase"]
[SourceDate "2011.07.15"]
[SourceVersion "1"]
[SourceVersionDate "2011.07.15"]
[SourceQuality "1"]

1. d4 e6 2. Nf3 Nc6 3. Bg5 f6 4. Bh4 Be7 5. e3 Nh6 6. Bd3 f5 7. Bxe7 Qxe7 8. 0-0 0-0 9. Nc3 a6 10. h3 d5 11. Qd2 Nb4 12. a3 Nxd3 13. Qxd3 c6 14. Rfe1 Nf7 15. Rad1 Nd6 16. Ne5 Qf6 17. Na4 Ne4 18. f3 Ng3 19. Nb6 Ra7 20. Nbd7 Bxd7 21. Nxd7 Qg6 22. Nxf8 Kxf8 23. c4 b6 24. Qb3 b5 25. Qb4+ Kf7 26. Qc5 Rc7 27. Qb6 Rc8 28. Qb7+ Kf6 29. Qxc8 f4 30. exf4 Qc2 31. Qxe6# 1-0